000 00601nam a2200229Ia 4500
003 OSt
005 20220928102944.0
006 a|||||r|||| 00| 0
007 ta
008 220927b |||||||| |||| 00| 0 eng d
024 _a58731
037 _cTextual
040 _aSDCL
_cSDCL
_beng
041 _2eng
_aeng
082 _aV5932:51'N56, L8
100 _aMoynihan Noel H
_9401415
245 0 _aLight in the West
260 _aLondon
_bBachman and Turner
_c1978
300 _a191p
_ccm.
942 _hV5932:51'N56, L8
_cTEXL
_2CC
999 _c717291
_d717291